| 000 | 00000nam##2200000za#4500 |
| 001 | 9.633132 |
| 003 | CaOODSP |
| 005 | 20210624215158 |
| 007 | cr ||||||||||| |
| 008 | 150407|1996||||xxc|||||o f|0| 0 fre|d |
| 040 | |aCaOODSP|bfre |
| 043 | |an-cn--- |
| 086 | 1 |aJS66-25/1996F-PDF |
| 110 | 1 |aCanada. |bSolliciteur général Canada. |
| 245 | 10|aTrois décennies de femmes dans la police : |h[ressource électronique]|bune bibliographie commentée / |cpar Marcel-Eugène Lebeuf. Publié par l'Institut de perfectionnement des cadres de la police. |
| 260 | |aOttawa - Ontario : |bSolliciteur général Canada |c1996. |
| 300 | |a51p. |
| 500 | |aSommaire: Introduction.--Les années soixante dix: l'intégration difficile et les constats nécessaires.--Les années 80: les sources de stress et de discrimination à l'égard des policières.--Les années 90: l'intégration définitive des femmes dans la police.--Les études historique: enseignement et réflexion.--Conclusion.--Références. |
| 504 | |aBibliographie. |
| 590 | |a06-10-Supp|b2006-12-15 |
| 691 | 07|aCondition de la femme|2gcpds |
| 691 | 07|aMaintien de l'ordre public|2gcpds |
| 691 | 07|aTravailleuse|2gcpds |
| 720 | 1 |aLebeuf, Marcel-Eugène |
| 775 | 08|tThree decades of women in policing : |w(CaOODSP)9.688716 |
| 776 | 0#|tTrois décennies de femmes dans la police : |w(CaOODSP)9.679937 |
| 856 | 40|ahttp://publications.gc.ca|qPDF|s111 Ko|uhttps://publications.gc.ca/collections/Collection/JS66-25-1996F.pdf |